Normal view
MARC view
- AHMAD,FAROOQ,WAQAS
Entry Personal Name
001 - CONTROL NUMBER
- control field: 72163
003 - CONTROL NUMBER IDENTIFIER
- control field: NUST
005 - DATE AND TIME OF LATEST TRANSACTION
- control field: 20210628204743.0
008 - FIXED-LENGTH DATA ELEMENTS
- fixed length control field: 210628|| aca||aabn | a|a d
040 ## - CATALOGING SOURCE
- Original cataloging agency: NUST
- Transcribing agency: NUST
100 ## - HEADING--PERSONAL NAME
- Personal name: AHMAD,FAROOQ,WAQAS
670 ## - SOURCE DATA FOUND
- Source citation: Work cat.: (NUST): AHMAD,FAROOQ,WAQAS, PR-SOF-1125-PARAMETRIC STUDY AND DESIGN OF DYNAMETER FOR A UTOMOTIVE ENGINES, 2011
